[Event "GER-chT U16"]
[Site "Darmstadt"]
[Date "2022.12.27"]
[Round "2"]
[White "Le, Dinh An"]
[Black "Liestmann, Marius"]
[Result "1-0"]
[WhiteElo "1581"]
[BlackElo "1292"]
[PlyCount "67"]
[EventDate "2022.12.26"]
[EventType "team-swiss"]
[EventRounds "7"]
[EventCountry "GER"]
[SourceTitle "CBM 212 Extra"]
[Source "ChessBase"]
[SourceDate "2023.03.31"]
[SourceVersion "1"]
[SourceVersionDate "2023.03.31"]
[SourceQuality "1"]
[WhiteTeam "Paderborn Akademie"]
[BlackTeam "Guettingen Rochade"]
[WhiteTeamCountry "GER"]
[BlackTeamCountry "GER"]

1. d4 d5 2. Nf3 e6 3. g3 Bd6 4. Bg2 f5 5. 0-0 Nf6 6. c4 c6 7. b3 0-0 8. Nc3 Nbd7 9. Bb2 Ne4 10. Re1 Ndf6 11. Qc2 Qe7 12. Rad1 Nxc3 13. Bxc3 Ne4 14. Ne5 Nxc3 15. Qxc3 Bb4 16. Qc2 Bxe1 17. Rxe1 Bd7 18. e3 Be8 19. Bf3 Bg6 20. Qb2 Qb4 21. Rc1 a5 22. a4 Be8 23. c5 f4 24. Nd3 fxe3 25. Nxb4 Rxf3 26. Nd3 Bg6 27. Ne5 Rxf2 28. Qc3 Be4 29. Qxe3 Ra2 30. Nf3 Rf8 31. Rf1 g5 32. Nd2 Rxf1+ 33. Kxf1 h6 34. Nxe4 1-0